1883 1602 1750 1742 1285 1089 1031 1186 1388 1057 1341 1682 1787 1842 1650 1835 1216 1133 1617 1153 1069 1480 1272 1449 1918 1441 1509 1544 1663 1067 1894 1847 1338 1076 1854 1857 1473 1023 1002 1405 1979 1178 1970 1783 1106 1946 1753 1110 1771 1045 1416 1547 1239 1634 1042 1161 1885 1507 1061 1486 1141 1168 1222 1985 1466 1617 1934 1771 1734 1414 1443 1796 1915 1181 1594 1143 1097 1629 1591 1311 1644 1939 1092 1749 1114 1602 1739 1885 1701 1629 1732 1030 1084 1148 1272 1732 1388 1492 1380 BCNSPRNW ULIB Ver.6.0+V

เปลี่ยนเป็นภาษาไทย

Change to English
 แสดงรายละเอียดบรรณานุกรม
  กลับหน้าหลัก

Brief Record : Get Marc (ISO 2709) : E-mail record : QR code < ปิดหน้าต่าง
LEADER : 00000nam 2200000uu 4500
001    13399113880
003     ULIB
008    120110s||||||||th 000 0 tha d
099    วจ.WY18^bป493ก
100 0  ปรียนุช ชัยกองเกียรติ
245 00 การศึกษาความต้องการกำลังคนสาขาผู้ช่วยพยาบาลใน 5 จังหวัดชายแดนภาคใต้/^cปรียนุช ชัยกองเกียรติ,อภิษฎา อรัณยภาค,ธัญญลักษณ์ ศิริชนะ และ อัจฉรา มุสิกวัณณ์
260    นนทบุรี :^bสถาบันพระบรมราชชนก,^c2553
300    111 หน้า :^bตาราง
500    รายงานการวิจัย
650  7 กำลังคนสาขาผู้ช่วยพยาบาล^xวิจัย
700 02 อภิษฎา อรัณยภา
700 02 ธัญญลักษณ์ ศิริชนะ
700 02 อัจฉรา มุสิกวัณณ์
710    สถาบันพระบรมราชชนก
945    ^p0^l0^i030940
995    ทศพร
999 ^a ทศพร
รายการนี้ยังไม่มีแท็ก
คุณยังไม่ได้ล็อกอิน คุณสามารถมีกิจกรรมร่วมกับเว็บไซต์ได้ แต่ต้องล็อกอินก่อน ::
  ล็อกอิน

รายการสื่อสารสนเทศ

ลำดับที่ ประเภท เลขเรียก/บาร์โค้ด สถานที่ สถานะ
1. งานวิจัย
งานวิจัย
วจ.WY18 ป493ก ฉ.1 
  Barcode: 030940
ห้องสมุดวิทยาเขตสวรรค์ประชารักษ์
►วิจัย
บนชั้น

BibComment


ยังไม่เคยถูกคอมเมนท์

คอมเมนท์ทรัพยากรรายการนี้
  คอมเมนท์: การศึกษาความต้องก..


 Copyright 2026. Bcnsprnw @Library